CompTIA Acronyms 12 - Statistics

General Stats
  • This quiz has been taken 10 times
  • The average score is 4 of 22
Answer Stats
Hint Answer % Correct
SOHO Small Office Home Office
100%
SSH Secure Shell
67%
SSL Secure Sockets Layer
67%
SMTP Simple Mail Transfer Protocol
67%
SMB Server Message Block
33%
SNMP Simple Network Management Protocol
33%
SSO Single Sign-on
33%
SSD Solid State Drive
33%
SLI Scalable Link Interface/System Level Integration/Scanline Interleave Mode
0%
SFTP Secure File Transfer Protocol
0%
SMART Self-Monitoring Analysis and Reporting Technology
0%
SP Service Pack
0%
SSID Service Set Identifier
0%
SEC Single Edge Connector
0%
SIMM Single In-Line Memory Module
0%
SFF Small Form Factor
0%
SoDIMM Small Outline Dual Inline Memory Module
0%
SPDIF Sony-Phillips Digital Interface Format
0%
SPGA Staggered Pin Grid Array
0%
SRAM Static Random Access Memory
0%
SIM Subscriber Identity Module
0%
SFC System File Checker
0%
No matching quizzes found
Score Distribution
Percent of People with Each Score
Percentile by Number Answered
Your Score History
You have not taken this quiz